00656nam a22001097a 4500040000800000082002700008100003900035245041100074260001900485300002600504856001600530 cRUA aRUB KHO 2015 B514 Or.1 aKHORN RAVY; ខន រ៉ាវី aGrowth on rubber clones pb 217, rrim 2002, pr 300 and gt 1 at block 711 abcd of sopheak nika investment group co., ltd, ការលូតលាស់ក្លូនកៅស៊ូ PR 217, RRIM 2002, PR 300 និង GT 1 នៅឡូតិ៍៧.១១​ ABCD នៃក្រុមហ៊ុន សុភក្តិនីកា អ៊ីនវេសមេនគ្រុប ខូ., អិលធីឌី aRUAbKHOc2015 axii,36p.bill.c29cm. u KHORN RAVY